All 2024 Olympic Medalists: Golf - Statistics

General Stats
  • This quiz has been taken 17 times
  • The average score is 4 of 6
Answer Stats
Event Medal Nationality/Team Medalist % Correct
Men's Individual Gold USA Scottie Scheffler
94%
Men's Individual Bronze Japan Hideki Matsuyama
88%
Women's Individual Gold New Zealand Lydia Ko
81%
Men's Individual Silver Great Britain Tommy Fleetwood
81%
Women's Individual Silver Germany Esther Henseleit
13%
Women's Individual Bronze China Lin Xiyu
6%
No matching quizzes found
Score Distribution
Percent of People with Each Score
Percentile by Number Answered
Your Score History
You have not taken this quiz